| 000 | 00981cam a2200301Ma 4500 | ||
|---|---|---|---|
| 999 |
_c2784 _d2784 |
||
| 001 | .b18512859 | ||
| 003 | OCoLC | ||
| 005 | 20230821110132.0 | ||
| 008 | 160823s2016 maua 000 0 eng d | ||
| 020 | _a9781305510722 | ||
| 020 | _a1305510720 | ||
| 035 | _a(OCoLC)970549689 | ||
| 040 |
_aI8M _bspa _erda _cI8M _dOCLCO _dOCLCF _dPTTCL _dKH8 |
||
| 042 | _anbic | ||
| 082 | _a400 FRA | ||
| 100 | 1 |
_aFrazier, Catherine, _eauthor. |
|
| 245 | 1 | 0 |
_aTime zones 2 / _cCatherine Frazier, Richard Frazier, Jennifer Wilkin. |
| 250 | _aSecond edition. | ||
| 260 |
_aBoston, MA : _bNational Geographic Learning : _bCengage Learning, _c2016. |
||
| 300 |
_a143 p. : _bcol. ill. ; _c28 cm. |
||
| 440 |
_aTime Zone _n2 |
||
| 505 | 1 |
_gStudent book -- _gWorkbook -- _gTeacher's edition. |
|
| 650 | 0 |
_aEnglish language _vTextbooks for foreign speakers. |
|
| 650 | 7 |
_aEnglish language. _2fast. |
|
| 700 | 1 |
_a Frazier, Catherine, _eauthor. |
|
| 700 | 1 |
_aWilkin, Jennifer, _eauthor. |
|
| 942 |
_2ddc _cTR |
||